Kursus penilaian loji, jentera dan peralatan modul pertengahan : 31 Julai - 3 Ogos 2017

Bibliographic Details
Corporate Authors: Kursus penilaian loji, jentera dan peralatan modul pertengahan, INSPEN ( Institut Penilaian Negara )
Format: Book
Language:Malay
Subjects:

MARC

LEADER 00000cam a2200000 7i4500
001 0000028296
005 20190124.0
008 190124 my a may
040 |a INS   |b eng   |c INS   |e rda 
090 0 0 |a VO355 
110 1 |a Kursus penilaian loji, jentera dan peralatan modul pertengahan ,   |d 2017 31 Julai - 3 Ogos   |c INSPEN, Bangi 
245 0 0 |a Kursus penilaian loji, jentera dan peralatan modul pertengahan :   |b 31 Julai - 3 Ogos 2017   |c Anjuran Pusat Pembangunan Profesional, INSPEN 
264 0 |a Bangi :   |b Institut Penilaian Negara   |c 2017 
300 |a 1 volume (Various pagings) :   |b illustration ;   |c 30 cm. 
336 |a text  |2 rdacontent 
337 |a unmediated  |2 rdamedia 
338 |a volume  |2 rdacarrier 
650 0 |a Machinery   |x Valuation 
710 1 |a INSPEN ( Institut Penilaian Negara ) 
999 |a VO00000977   |b BOOK   |c Course Notes   |e Default branch